000 00895nas a2200289 4500
001 BR2014001728
003 BR-BrBNA
005 20231205123826.0
007 ta
008 230509b bl.|||p| |||| 00| 00por d
040 _aBR-BrBNA
_bpor
_cBiblioteca Nacional de Agricultura
041 _a(Pt)
072 _aN20; P06
100 1 _aCarvalho Filho, C.A. de
100 1 _aCortez, J.W.
100 1 _aSantos, V.M.L. dos
100 1 _aArcoverde, S.N.S.
100 1 _aNagahama, H. de J.
245 1 _aEnsaio de um trator agrícola em função da marcha e proporção de biodiesel
650 _aMÁQUINA AGRÍCOLA
650 _aRUÍDO
650 _aFATORES ERGONÔMICOS
650 _aBIOCOMBUSTÍVEL
773 0 _tEnergia na Agricultura (Brazil)
_xISSN 1808-8759
_g(Jul-Sep 2013), v. 28(3) p. 135-142
_wBR2014001728
909 _a202311
_bLúcia
_c55
_dLúcia Elande
942 _2AGRIS
_n0
_cANA
999 _c235898
_d235898